El juego del mundo y el test de la aldea imaginaria: los mecanismos de la expresión en las técnicas proyectivas

Bewaard in:
Bibliografische gegevens
Hoofdauteur: Mucchielli, Roger (autor)
Formaat: Boek
Taal:Spaans
Gepubliceerd in: Buenos Aires Kapelusz 1964
Reeks:Biblioteca de psicología contemporánea
Onderwerpen:
Tags: Voeg label toe
Geen labels, Wees de eerste die dit record labelt!

MARC

LEADER 00000cam a2200000 a 4500
001 UCY6189
003 CL-VaPUC
008 950521e19640700AG |||||||||||||||||spa|d
082 0 4 |a 155.284  |b MUC  |2 21 
100 |a Mucchielli, Roger  |e autor  |9 335995 
245 1 3 |a El juego del mundo y el test de la aldea imaginaria: los mecanismos de la expresión en las técnicas proyectivas 
300 |a 289 p 
942 |c BK 
945 |d 19950521 00:00:00  |a cmena 
260 |a Buenos Aires  |b Kapelusz  |c 1964 
650 0 |a Pruebas psicológicas  |9 307459 
650 7 |a INVESTIGACION PSICOLOGICA  |2 CL-VaPUC  |9 309030 
650 0 |a Psicoanálisis   |9 265702 
650 0 |a Análisis de datos  |9 269871 
583 |a last modification  |c 20170510 01:46:34  |k Rodrigo Vera 
490 0 |a Biblioteca de psicología contemporánea 
999 |c 233769  |d 233767 
952 |0 0  |1 0  |4 0  |6 155_284000000000000_MUC_1964  |7 0  |8 P  |9 239505  |a BIBEDU  |b BIBEDU  |c BIBEDU_PB  |d 2019-11-18  |i 1507389  |o 155.284 MUC 1964  |p 1507389  |r 2024-01-25  |w 2019-11-18  |y BK  |k EDU 
952 |0 0  |1 0  |3 erb  |4 0  |6 155_284000000000000_MUC_1964  |7 0  |8 P  |9 239506  |a BIBEDU  |b BIBEDU  |c BIBEDU_PB  |d 2019-11-18  |i 5008026  |o 155.284 MUC 1964  |p 5008026  |r 2024-01-25  |w 2019-11-18  |y BK  |z Catalogado en:20131111  |k PSI